A first course in partial differential equations with complex variables and transform methods
Uloženo v:
| Hlavní autor: | |
|---|---|
| Médium: | Kniha |
| Jazyk: | angličtina |
| Vydáno: |
Nueva York
John Wiley & Sons
1965
|
| Vydání: | 1a. ed |
| Témata: | |
| Tagy: |
Přidat tag
Žádné tagy, Buďte první, kdo vytvoří štítek k tomuto záznamu!
|
MARC
| LEADER | 00000cam a2200000 a 4500 | ||
|---|---|---|---|
| 001 | UCU3154 | ||
| 003 | CL-VaPUC | ||
| 008 | 960502e19650000US |||||||||||||||||eng|d | ||
| 082 | 0 | 4 | |a 515.353 |b WEI |2 21 |
| 100 | 0 | |a Weinberger, Hans F |e author |9 359926 | |
| 245 | 1 | 2 | |a A first course in partial differential equations with complex variables and transform methods |
| 250 | |a 1a. ed | ||
| 300 | |a 446 p | ||
| 942 | |c BK | ||
| 945 | |d 19960502 00:00:00 |a paguirre | ||
| 260 | |a Nueva York |b John Wiley & Sons |c 1965 | ||
| 650 | 0 | |a Ecuaciones |9 260137 | |
| 650 | 0 | |a Matemática |9 260235 | |
| 650 | 0 | |a Ecuaciones diferenciales |9 260083 | |
| 650 | 0 | |a Análisis de Fourier |9 260464 | |
| 650 | 0 | |a Variables |9 338106 | |
| 650 | 0 | |a Cálculo |9 260234 | |
| 583 | |a last modification |c 20120823 05:28:59 |k Rodrigo Vera | ||
| 999 | |c 247253 |d 247251 | ||
| 952 | |0 0 |1 0 |4 0 |6 515_353000000000000_WEI_1965 |7 0 |8 A |9 262966 |a BIBMAT |b BIBMAT |d 2019-11-19 |i 4889428 |l 3 |m 3 |o 515.353 WEI 1965 |p 4889428 |r 2025-01-07 |s 2023-11-17 |w 2019-11-19 |y BK |k MAT | ||